MARC details
| 000 -CABECERA |
| campo de control de longitud fija |
01084nam a22002897a 4500 |
| 003 - IDENTIFICADOR DEL NÚMERO DE CONTROL |
| campo de control |
UPN |
| 005 - FECHA Y HORA DE LA ÚLTIMA TRANSACCIÓN |
| campo de control |
20230928123724.0 |
| 008 - ELEMENTOS DE LONGITUD FIJA--INFORMACIÓN GENERAL |
| campo de control de longitud fija |
221007s2021 mx ||||| |||| 00| 0 spa d |
| 020 ## - NÚMERO INTERNACIONAL NORMALIZADO PARA LIBROS |
| Número Internacional Estándar del Libro |
9786071671806 |
| 040 ## - FUENTE DE LA CATALOGACIÓN |
| Centro catalogador/agencia de origen |
MX-MxUPN |
| Lengua de catalogación |
spa |
| Centro/agencia transcriptor |
MX-MxUPN |
| 041 1# - CÓDIGO DE IDIOMA |
| Código de lengua del texto/banda sonora o título independiente |
spa |
| Código de lengua original |
eng |
| 050 ## - SIGNATURA TOPOGRÁFICA DE LA BIBLIOTECA DEL CONGRESO |
| Número de clasificación |
JC311 |
| Número de documento/Ítem |
A53 2021 |
| 100 1# - ASIENTO PRINCIPAL--NOMBRE PERSONAL |
| Nombre de persona |
Anderson, Benedict R. O’G. |
| Forma completa/desarrollada del nombre |
(Benedict Richard O’Gorman), |
| Fechas asociadas al nombre |
1936-2015 |
| 9 (RLIN) |
47023 |
| 240 ## - TÍTULO UNIFORME |
| Título uniforme |
Imagined Communities. |
| Lenguaje de la obra |
Español |
| 245 ## - MENCIÓN DE TÍTULO |
| Título |
Comunidades imaginadas : |
| Resto del título |
reflexiones sobre el origen y la difusión del nacionalismo |
| 250 ## - MENCIÓN DE EDICIÓN |
| Mención de edición |
Segunda edición |
| 260 ## - PUBLICACIÓN, DISTRIBUCIÓN, ETC. |
| Lugar de publicación, distribución, etc. |
Ciudad de México : |
| Nombre del editor, distribuidor, etc. |
Fondo de Cultura Económica, |
| Fecha de publicación, distribución, etc. |
2021. |
| 300 ## - DESCRIPCIÓN FÍSICA |
| Extensión |
343 páginas |
| 490 ## - MENCIÓN DE SERIE |
| Mención de serie |
Colección popular ; |
| Designación de volumen o secuencia |
498 |
| 500 ## - NOTA GENERAL |
| Nota general |
Es bibliografía básica de la Licenciatura en Pedagogía. |
| 500 ## - NOTA GENERAL |
| Nota general |
Traducción de: Imagined communities. |
| 610 24 - ASIENTO SECUNDARIO DE MATERIA - NOMBRE CORPORATIVO |
| Nombre de entidad corporativa o nombre de jurisdicción como elemento de entrada |
Universidad Pedagógica Nacional (México). |
| Unidad subordinada |
Licenciatura en Pedagogía |
| 9 (RLIN) |
50106 |
| 650 #7 - ASIENTO SECUNDARIO DE MATERIA - TERMINO TEMATICO |
| 9 (RLIN) |
10025 |
| Término de materia o nombre geográfico como elemento de entrada |
Nacionalismo |
| 700 1# - ASIENTO SECUNDARIO--NOMBRE DE PERSONAL |
| Nombre de persona |
Suárez, Eduardo L. |
| Término indicativo de función/relación |
traducción |
| 9 (RLIN) |
47024 |
| 902 ## - ELEMENTOS DE DATOS B LOCAL, LDB (RLIN) |
| Creó |
NoemiAcosta/071022 |
| 942 ## - ELEMENTOS DE PUNTO DE ACCESO ADICIONAL (KOHA) |
| Fuente del sistema de clasificación o colocación |
Library of Congress Classification |
| Tipo de ítem Koha |
Libro |